=LDR 00000nam 2200000 4500 =001 INLIS000000000041107 =005 20130612150646 =008 ***********************************ind** =035 ##$$0010-061300000041107 =041 ##$$a ind =082 ##$$a 922 =090 ##$$a 922 , Has ,u =100 ##$$a HASYIM, Wahid =245 ##$$a Untuk republik dari tabuireng , Wahid Hasyim =260 ##$$a 2011 $b Jakarta =300 ##$$a 128 hlm., illus , 23 cm =650 ##$$a ALUMI ULAMA - WAHID HASYIM =850 ##$$a NBPNMAT =990 ##$$a 93464/BPAP-NTB/2014 =990 ##$$a 0001/BPAP-NTB/20142015 =990 ##$$a 0001/BPAP-NTB/2016